The patriarch : the remarkable life and turbulent times of Joseph P. Kennedy /

"Celebrated historian David Nasaw brings to life the story of Joseph Patrick Kennedy, in this, the first and only biography based on unrestricted and exclusive access to the Joseph P. Kennedy papers."--

Bibliographic Details
Main Author: Nasaw, David
Format: Book
Language:English
Published: New York : Penguin Press, 2012.
Subjects:

MARC

Tag First Indicator Second Indicator Subfields
LEADER 00000cam a22000004a 4500
001 in00002785512
005 20150922145724.0
008 120716s2012 nyuaf b 001 0beng
010 |a  2012027315 
020 |a 9781594203763 
020 |a 1594203768 
035 |a (OCoLC)ocn780480476 
040 |a DLC  |b eng  |c DLC  |d BTCTA  |d BDX  |d UPZ  |d IG#  |d YDXCP  |d JO8  |d VP@  |d CDX  |d BWX  |d UtOrBLW 
042 |a pcc 
043 |a n-us--- 
049 |a TXAM 
050 0 0 |a E748.K376  |b N37 2012 
082 0 0 |a 973.9092  |a B  |2 23 
100 1 |a Nasaw, David. 
245 1 4 |a The patriarch :  |b the remarkable life and turbulent times of Joseph P. Kennedy /  |c David Nasaw. 
264 1 |a New York :  |b Penguin Press,  |c 2012. 
300 |a xxiv, 868 pages, 16 unnumbered pages of plates :  |b illustrations ;  |c 25 cm. 
336 |a text  |b txt  |2 rdacontent 
337 |a unmediated  |b n  |2 rdamedia 
338 |a volume  |b nc  |2 rdacarrier 
504 |a Includes bibliographical references (pages [793]-834) and index. 
520 |a "Celebrated historian David Nasaw brings to life the story of Joseph Patrick Kennedy, in this, the first and only biography based on unrestricted and exclusive access to the Joseph P. Kennedy papers."--  |c Publisher's description. 
600 1 0 |a Kennedy, Joseph P.  |q (Joseph Patrick),  |d 1888-1969. 
650 0 |a Ambassadors  |z United States  |v Biography. 
650 0 |a Politicians  |z United States  |v Biography. 
650 0 |a Businesspeople  |z United States  |v Biography. 
600 3 0 |a Kennedy family. 
948 |a cataloged  |b h  |c 2012/11/30  |d c  |e ceaton  |f 12:54:47 pm 
994 |a C0  |b TXA 
999 |a MARS 
999 f f |s f0485395-7808-3725-897d-75e2da183e49  |i 3e654f08-63e6-390f-96e0-633a81955500  |t 0 
952 f f |p normal  |a Texas A&M University  |b College Station  |c Sterling C. Evans Library  |d Evans: Library Stacks  |t 0  |e E748.K376 N37 2012  |h Library of Congress classification  |i unmediated -- volume  |m A14841622931 
998 f f |a E748.K376 N37 2012  |t 0  |l Evans: Library Stacks